|
|
|
|
| LEADER |
01590nam a2200349 a 4500 |
| 001 |
40480 |
| 003 |
BD-DhAAL |
| 005 |
20230305145343.0 |
| 008 |
810417r19811967ilua b 000 0 eng |
| 010 |
|
|
|a 81003419
|
| 020 |
|
|
|a 0226152316 (pbk.)
|
| 020 |
|
|
|a 9780226152318
|
| 040 |
|
|
|a DLC
|c DLC
|d DLC
|d BD-DhAAL
|
| 041 |
1 |
|
|a engben
|
| 050 |
1 |
0 |
|a PK1771.E3
|b I5 1981
|
| 082 |
0 |
0 |
|a 891.4410080382
|2 23
|
| 245 |
0 |
0 |
|a In praise of Krishna :
|b songs from the Bengali /
|c translations by Edward C. Dimock and Denise Levertov ; with an introduction and notes by Edward C. Dimock ; illustrations by Anju Chaudhuri.
|
| 250 |
|
|
|a Phoenix edition
|
| 260 |
|
|
|a Chicago :
|b University of Chicago Press,
|c 1981, c1967.
|
| 300 |
|
|
|a xxii, 95 pages :
|b illustrations ;
|c 20 cm.
|
| 500 |
|
|
|a Reprint. Originally published: 1st ed. Garden City, N.Y. : Doubleday, 1967. (UNESCO collection of representative works : Indian series)
|
| 504 |
|
|
|a Includes bibliographical references.
|
| 541 |
|
|
|a Donated By Akbar Ali Khan
|e 40480
|
| 600 |
0 |
0 |
|a Krishna
|c (Hindu deity)
|v Poetry.
|9 49900
|
| 650 |
|
0 |
|a Bengali poetry
|x Translations into English.
|
| 700 |
1 |
|
|a Dimock, Edward C.
|9 53780
|
| 700 |
1 |
|
|a Levertov, Denise,
|d 1923-1997.
|9 53781
|
| 830 |
|
0 |
|a Unesco collection of representative works :
|p Indian series.
|9 53782
|
| 852 |
|
|
|a Ayesha Abed Library
|c Akbar Ali Khan Collection
|
| 942 |
|
|
|2 ddc
|c BK
|
| 999 |
|
|
|c 45562
|d 45562
|
| 952 |
|
|
|0 0
|1 0
|2 ddc
|4 0
|6 891_441008038200000_IN
|7 1
|9 73337
|a BRACUL
|b BRACUL
|c AAKC
|d 2023-03-05
|e Donated By Akbar Ali Khan
|l 0
|o 891.4410080382 IN
|p 3010040480
|r 2023-03-05
|t 1
|w 2023-03-05
|y BK
|